| 000 | 00577nam a22001817a 4500 | ||
|---|---|---|---|
| 999 |
_c190011 _d190011 |
||
| 005 | 20220715153704.0 | ||
| 010 | _aENG-133606 | ||
| 020 |
_a9789385622472 _c995.00 |
||
| 035 | _aEN-117138 | ||
| 037 | _bDBAD/PUB | ||
| 082 | _a155.4 | ||
| 100 | _aDas, Ajay | ||
| 245 |
_aChild Psychology/ _cAjay Das |
||
| 260 |
_aDelhi _bSignature Book International _c2016 |
||
| 270 |
_aE-5/218, Street No. 10, Near Hardan Public School 5th Pusta, Sonia Vihar _bDelhi _e110094 _msignaturebooks09@gmail.com |
||
| 300 |
_av, 248p. _c23cm(hb) |
||
| 942 |
_2ddc _cEN _h155.4 _mDAS |
||